[Event "Basel Easter op"]
[Site "Basel"]
[Date "2024.03.30"]
[Round "5"]
[White "Buehler, Michael"]
[Black "Karacsonyi, Kata"]
[Result "1/2-1/2"]
[WhiteElo "2049"]
[BlackElo "2137"]
[PlyCount "99"]
[EventDate "2024.03.28"]
[EventType "swiss"]
[EventRounds "9"]
[EventCountry "SUI"]
[SourceTitle "CB14_2024"]
[SourceDate "2024.04.01"]
[SourceVersion "1"]
[SourceVersionDate "2024.04.01"]
[SourceQuality "1"]

1. d4 Nf6 2. c4 e6 3. Nc3 Bb4 4. Qc2 d5 5. cxd5 exd5 6. Bg5 c5 7. dxc5 h6 8. Bh4 0-0 9. e3 Be6 10. Nf3 Nbd7 11. Be2 Rc8 12. a3 Qa5 13. Bxf6 Nxf6 14. Rc1 Bxc5 15. 0-0 Ne4 16. Nxe4 Bxe3 17. Nc3 Bxc1 18. Rxc1 a6 19. Nd4 b5 20. Rd1 Rfd8 21. Rd2 Rd6 22. Qb3 Qd8 23. h3 Bxh3 24. Ncxb5 axb5 25. Qxh3 Rc1+ 26. Rd1 Rxd1+ 27. Bxd1 Rf6 28. Bc2 Qe8 29. Qe3 Kf8 30. Qxe8+ Kxe8 31. Nxb5 Rc6 32. Nc3 Kd8 33. Ba4 Rc5 34. Kf1 h5 35. Ke2 g5 36. Kd3 h4 37. b4 Rc4 38. Nxd5 Rg4 39. Ne3 Rf4 40. Ke2 g4 41. Bc6 h3 42. gxh3 gxh3 43. Kf1 Rf6 44. Kg1 Rxc6 45. Kh2 Re6 46. b5 Kc7 47. a4 Kb6 48. Nc4+ Kc5 49. Ne3 f6 50. Ng4 1/2-1/2

[Event "Basel Easter op"]
[Site "Basel"]
[Date "2024.03.28"]
[Round "1"]
[White "Karacsonyi, Kata"]
[Black "Kunin, Vitaly L"]
[Result "0-1"]
[WhiteElo "2137"]
[BlackElo "2521"]
[PlyCount "70"]
[EventDate "2024.03.28"]
[EventType "swiss"]
[EventRounds "9"]
[EventCountry "SUI"]
[SourceTitle "CB14_2024"]
[SourceDate "2024.04.01"]
[SourceVersion "1"]
[SourceVersionDate "2024.04.01"]
[SourceQuality "1"]

1. e4 c5 2. Nf3 Nc6 3. d4 cxd4 4. Nxd4 e5 5. Nb5 a6 6. Nd6+ Bxd6 7. Qxd6 Qe7 8. Qd1 Nf6 9. Nc3 Nd4 10. Bd3 b5 11. 0-0 Bb7 12. a4 b4 13. Ne2 Ne6 14. Ng3 g6 15. a5 h5 16. Re1 Kf8 17. h3 Kg7 18. Bd2 Bc6 19. Re3 h4 20. Nf1 Nf4 21. Qe1 b3 22. Rf3 N6h5 23. Kh2 f5 24. Ra3 Rab8 25. Re3 Qg5 26. g3 hxg3+ 27. fxg3 Nxh3 28. Rf3 N5f4 29. Bxf4 Nxf4+ 30. Kg1 fxe4 31. Bxe4 bxc2 32. Rac3 Rxb2 33. Rxf4 exf4 34. Bxc6 dxc6 35. Rxc6 c1Q 0-1

[Event "AUT-chT (Women) 2324"]
[Site "Austria"]
[Date "2024.03.24"]
[Round "6.3"]
[White "Karacsonyi, Kata"]
[Black "Tscharnuter, Alexandra"]
[Result "1-0"]
[WhiteElo "2137"]
[BlackElo "1842"]
[PlyCount "79"]
[EventDate "2023.11.24"]
[EventType "team-tourn"]
[EventRounds "9"]
[EventCountry "AUT"]
[SourceTitle "CB16_2024"]
[SourceDate "2024.04.17"]
[SourceVersion "1"]
[SourceVersionDate "2024.04.17"]
[SourceQuality "1"]
[WhiteTeam "Wulkaprodersdorf (W)"]
[BlackTeam "Feffernitz (W)"]
[WhiteTeamCountry "AUT"]
[BlackTeamCountry "AUT"]

1. e4 e5 2. Nf3 Nc6 3. Bb5 a6 4. Ba4 Nf6 5. 0-0 b5 6. Bb3 Be7 7. d3 0-0 8. Bd5 Nxd5 9. exd5 Nb4 10. c4 bxc4 11. dxc4 e4 12. Ne1 a5 13. Nc3 f5 14. a3 Na6 15. d6 Bxd6 16. Qd5+ Kh8 17. Qxa8 c6 18. g3 Qc7 19. Bf4 Bxf4 20. gxf4 Kg8 21. Nb5 cxb5 22. Qd5+ Kh8 23. cxb5 Nc5 24. Rc1 d6 25. b4 axb4 26. axb4 Bb7 27. Qd4 Qf7 28. bxc5 Qg6+ 29. Ng2 dxc5 30. Qxc5 Re8 31. Qe3 Rd8 32. Rfd1 Rd3 33. Qa7 Bd5 34. Qb8+ Bg8 35. Rxd3 exd3 36. Rc8 Qe6 37. Rxg8+ Qxg8 38. Qxg8+ Kxg8 39. b6 d2 40. Ne3 1-0

[Event "Mitropa Cup (Women)"]
[Site "Apolda"]
[Date "2024.02.23"]
[Round "9.4"]
[White "Karacsonyi, Kata"]
[Black "Mihelic, Vesna"]
[Result "0-1"]
[WhiteElo "2158"]
[BlackElo "2097"]
[PlyCount "80"]
[EventDate "2024.02.15"]
[EventType "team-tourn"]
[EventRounds "9"]
[EventCountry "GER"]
[SourceTitle "CB09_2024"]
[SourceDate "2024.02.28"]
[SourceVersion "1"]
[SourceVersionDate "2024.02.28"]
[SourceQuality "1"]
[WhiteTeam "Hungary (W)"]
[BlackTeam "Slovenia (W)"]
[WhiteTeamCountry "HUN"]
[BlackTeamCountry "SLO"]

1. e4 e5 2. Nf3 Nc6 3. Bc4 Bc5 4. d3 Nf6 5. Bg5 d6 6. c3 a6 7. a4 Ba7 8. Nbd2 0-0 9. h3 Be6 10. Bh4 Qe7 11. Bd5 Nd8 12. g4 c6 13. c4 cxd5 14. exd5 Bd7 15. Ne4 Ne6 16. dxe6 fxe6 17. Rg1 Bc6 18. Nfd2 d5 19. Nxf6+ Rxf6 20. Bxf6 Qxf6 21. Qe2 e4 22. dxe4 Qxb2 23. Rb1 Qc2 24. Qd1 Qd3 25. Qe2 Qc2 26. Qd1 Qc3 27. Rg3 Qd4 28. Qe2 dxe4 29. Nb3 Qe5 30. c5 Bxa4 31. Re3 Bb5 32. f4 Qxf4 33. Qf2 Qe5 34. Qb2 Qg5 35. Qd2 Rf8 36. Kd1 Rd8 37. Nd4 Qxc5 38. Rxe4 e5 39. Rc1 Qd5 40. Qg5 Bxd4 0-1

[Event "Mitropa Cup (Women)"]
[Site "Apolda"]
[Date "2024.02.17"]
[Round "3.8"]
[White "Karacsonyi, Kata"]
[Black "Mihaljevic, Eva"]
[Result "1-0"]
[WhiteElo "2158"]
[BlackElo "2043"]
[PlyCount "115"]
[EventDate "2024.02.15"]
[EventType "team-tourn"]
[EventRounds "9"]
[EventCountry "GER"]
[SourceTitle "CB09_2024"]
[SourceDate "2024.02.28"]
[SourceVersion "1"]
[SourceVersionDate "2024.02.28"]
[SourceQuality "1"]
[WhiteTeam "Hungary (W)"]
[BlackTeam "Croatia (W)"]
[WhiteTeamCountry "HUN"]
[BlackTeamCountry "CRO"]

1. e4 c5 2. Nf3 d6 3. d4 cxd4 4. Nxd4 Nf6 5. Nc3 a6 6. Rg1 e5 7. Nb3 Be7 8. g4 h6 9. Be3 Be6 10. Qf3 b5 11. 0-0-0 Nbd7 12. Kb1 Qc7 13. h4 b4 14. Nd5 Bxd5 15. exd5 Rc8 16. Rd2 e4 17. Qd1 Ne5 18. Bxa6 Ra8 19. Be2 Nfd7 20. Rd4 Qa7 21. Nc1 Nc5 22. Rxb4 0-0 23. g5 hxg5 24. Bxg5 Bxg5 25. Rxg5 Rfb8 26. Rxb8+ Rxb8 27. Qd4 Qa5 28. Rg1 Rb4 29. Qe3 Na4 30. Nb3 Qxd5 31. Qg5 g6 32. Rd1 Qe6 33. Qd8+ Kg7 34. Qxd6 Qxd6 35. Rxd6 f5 36. Rd4 Rxd4 37. Nxd4 Kf6 38. f4 Ng4 39. Bb5 Nb6 40. a4 Ne3 41. a5 Nc8 42. Bd7 Na7 43. Nb5 Nc4 44. a6 Ke7 45. Nxa7 Kxd7 46. Nb5 Kc6 47. a7 Kb7 48. Kc1 Ne3 49. Kd2 Nc4+ 50. Ke2 Nxb2 51. Nd6+ Kxa7 52. Nc8+ Kb7 53. Ne7 Na4 54. Nxg6 Nc3+ 55. Kd2 Nd5 56. h5 Kc7 57. h6 Nf6 58. Nf8 1-0

[Event "Budapest One Week IM"]
[Site "Budapest"]
[Date "2023.08.23"]
[Round "4"]
[White "Paschall, William M"]
[Black "Karacsonyi, Kata"]
[Result "1-0"]
[WhiteElo "2335"]
[BlackElo "2198"]
[PlyCount "61"]
[EventDate "2023.08.21"]
[EventType "tourn"]
[EventRounds "9"]
[EventCountry "HUN"]
[SourceTitle "CBM 215 Extra"]
[Source "ChessBase"]
[SourceDate "2023.09.30"]
[SourceVersion "1"]
[SourceVersionDate "2023.09.30"]
[SourceQuality "1"]

1. Nf3 Nf6 2. c4 e6 3. g3 d5 4. Bg2 Be7 5. 0-0 0-0 6. b3 c6 7. Bb2 b6 8. Nc3 a5 9. Rc1 Ba6 10. d3 b5 11. Qc2 bxc4 12. dxc4 dxc4 13. Rfd1 cxb3 14. axb3 Qc7 15. Na4 Nd5 16. Nc5 Bxc5 17. Ng5 g6 18. Qxc5 Qa7 19. Qd6 Nd7 20. e4 N5f6 21. e5 Ng4 22. Ne4 Rad8 23. Qe7 Rfe8 24. Qg5 Be2 25. Rd6 Kg7 26. Qd2 Bb5 27. h3 Nh6 28. Nf6 Re7 29. g4 c5 30. Qg5 a4 31. Nh5+ 1-0

[Event "HUN-chT 2223"]
[Site "Hungary"]
[Date "2023.04.23"]
[Round "9.12"]
[White "Karacsonyi, Kata"]
[Black "Pergel, Laszlo"]
[Result "1/2-1/2"]
[WhiteElo "2109"]
[BlackElo "2226"]
[PlyCount "34"]
[EventDate "2022.11.20"]
[EventType "team-tourn"]
[EventRounds "9"]
[EventCountry "HUN"]
[SourceTitle "EXT 2024"]
[Source "ChessBase"]
[SourceDate "2023.10.10"]
[SourceVersion "1"]
[SourceVersionDate "2023.10.10"]
[SourceQuality "1"]
[WhiteTeam "Kobanya Aquarena"]
[BlackTeam "Haladas"]
[WhiteTeamCountry "HUN"]
[BlackTeamCountry "HUN"]

1. e4 c5 2. Nf3 d6 3. d4 cxd4 4. Nxd4 Nf6 5. Nc3 Nc6 6. Be3 Ng4 7. Bg5 Qb6 8. Bb5 Bd7 9. 0-0 Qxd4 10. Bxc6 Qxd1 11. Bxd7+ Kxd7 12. Raxd1 Ne5 13. Be3 Nc4 14. Bc1 Ne5 15. Be3 Nc4 16. Bc1 Ne5 17. Be3 Nc4 1/2-1/2

[Event "HUN-chT 2223"]
[Site "Hungary"]
[Date "2023.01.15"]
[Round "7.12"]
[White "Karacsonyi, Kata"]
[Black "Forgacs, Attila Jr"]
[Result "0-1"]
[WhiteElo "2109"]
[BlackElo "2286"]
[PlyCount "162"]
[EventDate "2022.11.20"]
[EventType "team-tourn"]
[EventRounds "9"]
[EventCountry "HUN"]
[SourceTitle "CBM 213 Extra"]
[Source "ChessBase"]
[SourceDate "2023.05.31"]
[SourceVersion "1"]
[SourceVersionDate "2023.05.31"]
[SourceQuality "1"]
[WhiteTeam "Kobanya Aquarena"]
[BlackTeam "Paks"]
[WhiteTeamCountry "HUN"]
[BlackTeamCountry "HUN"]

1. e4 e5 2. Nf3 Nc6 3. d4 exd4 4. Nxd4 Nf6 5. Nxc6 bxc6 6. e5 Qe7 7. Qe2 Nd5 8. c4 Ba6 9. b3 g6 10. f4 Bg7 11. Qf2 Nf6 12. Ba3 d6 13. Nc3 Qe6 14. 0-0-0 dxe5 15. Na4 Ne4 16. Qf3 f5 17. Bd3 0-0-0 18. Bxe4 fxe4 19. Qxe4 Qg4 20. Nc5 Bb7 21. Bb2 Rde8 22. Rhe1 Rhf8 23. fxe5 Qxe4 24. Rxe4 Rf2 25. Rg4 Rxb2 26. Kxb2 Rxe5 27. Rd7 Re7+ 28. Rdd4 h5 29. Ka3 hxg4 30. Rxg4 Bf8 31. Rxg6 Re8 32. b4 Bxc5 33. bxc5 Ba6 34. Rg4 Kd8 35. h4 Bc8 36. Rd4+ Ke7 37. g4 Rf8 38. g5 Rf3+ 39. Kb4 Rg3 40. Re4+ Be6 41. Re5 Rh3 42. Re4 Kf7 43. Rf4+ Kg7 44. a4 Bf7 45. Rf6 Rxh4 46. Rxc6 Rxc4+ 47. Ka3 Rxa4+ 48. Kb2 Rb4+ 49. Kc3 Rb7 50. Ra6 Bd5 51. Kd4 c6 52. Ke5 Kg6 53. Kd6 Kxg5 54. Ra4 Kf5 55. Rxa7 Rb1 56. Re7 Rd1 57. Kc7 Kf6 58. Re2 Rd4 59. Re8 Kf7 60. Re5 Re4 61. Rh5 Re6 62. Rh7+ Kf6 63. Rh5 Kg6 64. Rh2 Kf5 65. Kd7 Rg6 66. Re2 Be4 67. Rd2 Ke5 68. Kc7 Rg2 69. Rd1 Rc2 70. Kb6 Rb2+ 71. Kc7 Rb5 72. Rc1 Kd5 73. Rd1+ Kxc5 74. Rc1+ Kd4 75. Rd1+ Ke5 76. Rc1 c5 77. Kd7 Rb7+ 78. Kc8 Kd6 79. Rf1 Rh7 80. Kb8 c4 81. Rc1 Kc5 0-1

[Event "Miercurea Ciuc GP RO Stage 3"]
[Site "Miercurea Ciuc"]
[Date "2022.08.20"]
[Round "1"]
[White "Karacsonyi, Kata"]
[Black "Sokolovsky, Yahli"]
[Result "0-1"]
[WhiteElo "2149"]
[BlackElo "2398"]
[PlyCount "120"]
[EventDate "2022.08.20"]
[EventType "swiss"]
[EventRounds "9"]
[EventCountry "ROU"]
[SourceTitle "CBM 209 Extra"]
[Source "ChessBase"]
[SourceDate "2022.09.30"]
[SourceVersion "1"]
[SourceVersionDate "2022.09.30"]
[SourceQuality "1"]

1. e4 e5 2. Nf3 Nc6 3. Bb5 a6 4. Ba4 Nf6 5. 0-0 Be7 6. d3 d6 7. c3 0-0 8. Nbd2 Re8 9. Re1 Bf8 10. Nf1 h6 11. Ng3 b5 12. Bc2 d5 13. Qe2 d4 14. h3 Bc5 15. Bd2 Be6 16. Bb3 Qd6 17. Rad1 Rad8 18. Bc1 Kh7 19. Nh4 Bxb3 20. axb3 Qe6 21. b4 Bf8 22. Rf1 Nd7 23. Nf3 Nb6 24. Qc2 Rd7 25. Ne2 Red8 26. Ne1 Qa2 27. f4 exf4 28. Bxf4 dxc3 29. bxc3 Qxc2 30. Nxc2 Rxd3 31. Rxd3 Rxd3 32. Bxc7 Rd2 33. Bxb6 Rxc2 34. Rxf7 Kg8 35. Rc7 Nxb4 36. cxb4 Rxe2 37. Rc8 Kf7 38. Ra8 Rxe4 39. Ra7+ Kg8 40. Ra8 Kf7 41. Ra7+ Kg6 42. Ba5 Re6 43. Kf2 Be7 44. Kf3 Kf5 45. Rd7 Bf6 46. g4+ Kg6 47. Bd8 Bc3 48. Be7 Rc6 49. h4 Kf7 50. Bc5+ Ke6 51. Rd3 Bf6 52. h5 a5 53. Bf8 a4 54. Bc5 Ra6 55. Ra3 Kd5 56. Ke3 Kc4 57. Kd2 Bb2 58. Ra2 a3 59. Kc2 Re6 60. Bf8 Re4 0-1

[Event "Novi Sad Serbia op-A"]
[Site "Novi Sad"]
[Date "2022.06.29"]
[Round "2"]
[White "Maltsevskaya, Aleksandra"]
[Black "Karacsonyi, Kata"]
[Result "1-0"]
[WhiteElo "2378"]
[BlackElo "2147"]
[PlyCount "63"]
[EventDate "2022.06.28"]
[EventType "swiss"]
[EventRounds "9"]
[EventCountry "SRB"]
[SourceTitle "EXT 2023"]
[Source "ChessBase"]
[SourceDate "2022.10.05"]
[SourceVersion "1"]
[SourceVersionDate "2022.10.05"]
[SourceQuality "1"]

1. c4 c5 2. Nf3 Nc6 3. d4 cxd4 4. Nxd4 e6 5. g3 Nf6 6. Bg2 Qb6 7. Nb3 Ne5 8. Qc2 Bb4+ 9. N1d2 0-0 10. 0-0 Qc7 11. a3 Bxd2 12. Nxd2 d5 13. b3 b5 14. Bb2 bxc4 15. Qc3 Ned7 16. Nxc4 Rb8 17. Na5 Qxc3 18. Bxc3 Ba6 19. Rfe1 Rfc8 20. Rac1 e5 21. Bb4 Rb6 22. Rxc8+ Bxc8 23. Rc1 Ba6 24. Rc7 h6 25. Bh3 Nf8 26. Bc5 Rb8 27. e3 Ne4 28. Bxa7 Rb5 29. b4 d4 30. exd4 exd4 31. Bf1 Ne6 32. Rd7 1-0

[Event "Mitropa Cup (Women)"]
[Site "Corte"]
[Date "2022.05.03"]
[Round "4.4"]
[White "Karacsonyi, Kata"]
[Black "Vujnovic, Patricija"]
[Result "1/2-1/2"]
[WhiteElo "2058"]
[BlackElo "2123"]
[PlyCount "59"]
[EventDate "2022.04.30"]
[EventType "team-tourn"]
[EventRounds "9"]
[EventCountry "FRA"]
[SourceTitle "CBM 208 Extra"]
[Source "ChessBase"]
[SourceDate "2022.07.31"]
[SourceVersion "1"]
[SourceVersionDate "2022.07.31"]
[SourceQuality "1"]
[WhiteTeam "Hungary (W)"]
[BlackTeam "Croatia (W)"]
[WhiteTeamCountry "HUN"]
[BlackTeamCountry "CRO"]

1. e4 c5 2. Nf3 e6 3. d4 cxd4 4. Nxd4 a6 5. Nc3 Qc7 6. a3 Nf6 7. Be2 d6 8. 0-0 b5 9. f4 Bb7 10. Bf3 Nbd7 11. Kh1 Be7 12. Qe2 0-0 13. Bd2 Rac8 14. Rae1 Nb6 15. Qf2 Nc4 16. Bc1 Nxa3 17. e5 dxe5 18. fxe5 Nd7 19. Bxb7 Qxb7 20. Qg3 Nc4 21. Bh6 g6 22. Bxf8 Rxf8 23. Ne4 Ncxe5 24. Ng5 Qd5 25. Rd1 Qb7 26. Rde1 Qd5 27. Rd1 Qb7 28. Rde1 Qd5 29. Rd1 Qb7 30. Rde1 1/2-1/2

[Event "Mitropa Cup (Women)"]
[Site "Corte"]
[Date "2022.05.01"]
[Round "2.4"]
[White "Koubova, Anna Marie"]
[Black "Karacsonyi, Kata"]
[Result "1-0"]
[WhiteElo "2152"]
[BlackElo "2058"]
[PlyCount "51"]
[EventDate "2022.04.30"]
[EventType "team-tourn"]
[EventRounds "9"]
[EventCountry "FRA"]
[SourceTitle "CBM 208 Extra"]
[Source "ChessBase"]
[SourceDate "2022.07.31"]
[SourceVersion "1"]
[SourceVersionDate "2022.07.31"]
[SourceQuality "1"]
[WhiteTeam "Czech Republic (W)"]
[BlackTeam "Hungary (W)"]
[WhiteTeamCountry "CZE"]
[BlackTeamCountry "HUN"]

1. d4 Nf6 2. c4 e6 3. Nc3 Bb4 4. e3 0-0 5. Nge2 d5 6. a3 Be7 7. cxd5 exd5 8. Ng3 Re8 9. Be2 c6 10. 0-0 g6 11. Bd2 Nbd7 12. b4 a6 13. f3 Bd6 14. Qc1 Qc7 15. Be1 h5 16. f4 Nb6 17. f5 Kg7 18. e4 dxe4 19. fxg6 Bxg3 20. Bxg3 Qd8 21. gxf7 Re6 22. Qg5+ Kxf7 23. Be5 Nbd7 24. Bc4 Nxe5 25. Bxe6+ Bxe6 26. dxe5 1-0